Statistics for Famous Johns: picture quiz

Click here to take the quiz!

General Stats

  • This quiz has been taken 98 times
  • The average score is 8 of 15

Answer Stats

Answer% Correct
John Lennon
99%
John F Kennedy
94%
John Travolta
81%
John Wayne
79%
John Goodman
70%
John McEnroe
69%
John Kerry
60%
John Malkovich
46%
John The Baptist
43%
John Cleese
40%
John Hurt
33%
John McCain
24%
John Lydon
18%
Johnny Marr
6%
John Carpenter
4%

Score Distribution

Percentile by Number Answered

Percent of People with Each Score

Your Score History

You have not taken this quiz